000 01416nam a2200277Ia 4500
999 _c36819
_d36819
001 2762
003 GE_BSU
005 20210412152937.0
008 181216s2011||||ge |||||||||||||| ||geo||
040 _cGE_BSU
041 _ageo
080 _a347.965(094.072) ა–27
245 _aადვოკატთა პროფესიული ეთიკის კოდექსის კომენტარები ეთიკის კომისიის პრაქტიკაზე დაყრდნობით.
264 _aთბილისი
_c2011
300 _a52 გვ.;
_b30 სმ.
653 _aსამართალი
653 _aევროკავშირის პროექტი
653 _aადვოკატთა პროფესიული ეთიკა
700 _aკვაჭაძე, მარინე
_eავტორი
_92237
700 _aგასიტაშვილი, ეკატერინე
_eავტორი
_92238
700 _aბოჭორიშვილი, კობა
_eავტორი
_92239
700 _aკორძაია, ირაკლი
_eავტორი
_92240
710 _aსაქართველოს ადვოკატთა ასოციაცია
_92241
856 _uhttps://gba.ge/pdf/5c385034a7af3.pdf/5c385034a7af3.pdf
_yელ. ვერსია. pdf
942 _cBK
_2udc